Detalles MARC
| 000 -CABECERA |
| campo de control de longitud fija |
01036nam a22002297a 4500 |
| 003 - IDENTIFICADOR DEL NÚMERO DE CONTROL |
| campo de control |
BPGM |
| 008 - DATOS DE LONGITUD FIJA--INFORMACIÓN GENERAL |
| campo de control de longitud fija |
260617s mx |||||r|||| 001 ||SPA|| |
| 020 ## - NÚMERO INTERNACIONAL ESTÁNDAR DEL LIBRO |
| Número Internacional Estándar del Libro |
968-845-226-2 |
| 040 ## - FUENTE DE LA CATALOGACIÓN |
| Lengua de catalogación |
spa |
| 041 ## - CÓDIGO DE LENGUA |
| Código de lengua del texto/banda sonora o título independiente |
SPA |
| Código de lengua original |
SPA |
| 082 04 - NÚMERO DE LA CLASIFICACIÓN DECIMAL DEWEY |
| Número de edición |
PRIMERA EDICIÓN |
| Número de clasificación |
150 / T35 |
| Número de documento/Ítem |
T35 |
| 100 ## - ENTRADA PRINCIPAL--NOMBRE DE PERSONA |
| Nombre de persona |
TAMAYO, LUIS |
| 245 ## - MENCIÓN DE TÍTULO |
| Título |
DEL SÍNTOMA AL ACTO |
| 260 ## - PUBLICACIÓN, DISTRIBUCIÓN, ETC. |
| Lugar de publicación, distribución, etc. |
QUERÉTARO, MÉXICO |
| Nombre del editor, distribuidor, etc. |
UNIVERSIDAD AUTÓNOMA DE QUÉRETARO |
| Fecha de publicación, distribución, etc. |
SEPTIEMBRE 2001 |
| 300 ## - DESCRIPCIÓN FÍSICA |
| Extensión |
97 PÁGINAS; |
| Dimensiones |
21.3 CM X 13 CM |
| 336 ## - TIPO DE CONTENIDO |
| Fuente |
rdacontent |
| Término de tipo de contenido |
texto |
| Código de tipo de contenido |
txt |
| 337 ## - TIPO DE MEDIO |
| Fuente |
rdamedia |
| Nombre/término del tipo de medio |
sin mediación |
| Código del tipo de medio |
n |
| 338 ## - TIPO DE SOPORTE |
| Fuente |
rdacarrier |
| Nombre/término del tipo de soporte |
volumen |
| Código del tipo de soporte |
nc |
| 505 ## - NOTA DE CONTENIDO CON FORMATO |
| Nota de contenido con formato |
DEL SÍNTOMA AL ACTO, ES UN TEXTO ELABORADO POR EL DR. LUIS TAMAYO, A TRAVÉS DEL CUAL, NOS INVITA A LA REFLEXIÓN DE DOS CONCEPTOS QUE ADQUIEREN RELEVANCIA EN EL CONTEXTO PSICOANALÍTICO, POR MEDIO DE LA VINCULACIÓN QUE ESTABLECE CON LA PROPUESTA HEIDEGGERIANA DEL DASEIN Y DEL MITDSEIN, PRODUCIENDO, DE ESTA MANERA, UN MATERIAL QUE NOS ACERCA AL SÍNTOMA Y SU DESENLACE. |
| 650 ## - PUNTO DE ACCESO ADICIONAL DE MATERIA--TÉRMINO DE MATERIA |
| Término de materia o nombre geográfico como elemento de entrada |
PSICOLOGÍA |
| Subdivisión de forma |
150 |
| Subdivisión general |
100 |
| Subdivisión cronológica |
50 |
| Subdivisión geográfica |
0 |
| 942 ## - ELEMENTOS DE PUNTO DE ACCESO ADICIONAL (KOHA) |
| Fuente del sistema de clasificación o colocación |
Dewey Decimal Classification |
| Tipo de ítem Koha |
Colección Querétaro |